| 000 | 01314nam0a2200349 4500 | ||
|---|---|---|---|
| 001 | RU\NLR\bibl\806146 | ||
| 005 | 20250614131220.0 | ||
| 010 |
_a5-8211-0332-0 _950 |
||
| 021 |
_aRU _b2005-11448 _9587 |
||
| 035 | _a(NLR Aleph) 000795270 | ||
| 090 |
_a1147032 _c1147032 |
||
| 100 | _a20050602d2005 |||y0rusy50 ca | ||
| 101 | 0 |
_arus _deng |
|
| 102 | _aRU | ||
| 105 | _aa ||||||||| | ||
| 200 | 1 |
_aМодели рейтингов российских банков. Построение, анализ динамики и сравнение _fА.М. Карминский, А.А. Пересецкий, С.В. Головань |
|
| 210 |
_aМосква _cЦЭМИ РАН _d2005 |
||
| 215 |
_a58, [4] с. _cил. _d30 |
||
| 225 | 1 |
_aПрепринт _fРос. экон. шк. _v# 2005/049 |
|
| 300 | _aРез. на англ. яз. | ||
| 320 | _aБиблиогр.: с. 50 | ||
| 606 | 1 |
_aБанки _xРейтинг _xАнализ _yРоссийская Федерация _92283863 _3RU\NLR\auth\661368190 |
|
| 686 | _aУ26(2)210 | ||
| 700 | 1 |
_aКарминский _bА. М. _4070 |
|
| 701 | 1 |
_aПересецкий _bА. А. _4070 |
|
| 701 | 1 |
_aГоловань _bС. В. _4070 |
|
| 801 | 0 |
_aRU _bNLR _c20050602 _gPSBO |
|
| 801 | 1 |
_aRU _bNLR _c20050602 |
|
| 942 | _cBOOK | ||
| 980 | _aNB | ||